000 00633nam a2200301Ia 4500
005 20260401122304.0
008 008 250103s9999 xx 000 0 eng d
020 _a9780415084949
037 _aTB
040 _aEDL
040 _beng
040 _cEDL
041 _2eng
041 _aeng
084 _a306.7 BRI
084 _qEDL
100 _aBristow, Joseph
_91233141
245 0 _aSexuality
245 0 _cBristow, Joseph
260 _aLondon
260 _bRoutledge
260 _c2007
300 _a248p
942 _cTB
942 _h306.7 BRI
999 _c1846259
_d1846259